|
|
|
|
| LEADER |
00000cam a2200000 4500 |
| 001 |
vtls012230713 |
| 003 |
SK-MaSNL |
| 005 |
20260301074445.0 |
| 008 |
230529s2023 xo aol f np 000 0 slo |
| 015 |
|
|
|a SNBA2023/06
|
| 020 |
|
|
|a 9788055419572
|q (brožované)
|
| 040 |
|
|
|a SNK
|b slo
|c SNK
|e rda
|
| 041 |
0 |
|
|a slo
|
| 044 |
|
|
|a xo
|c SK
|
| 072 |
|
7 |
|a 629
|x Dopravné prostriedky
|2 konspekt
|
| 072 |
|
7 |
|a 37.016
|x Učebné osnovy. Vyučovacie predmety. Učebnice
|2 konspekt
|
| 080 |
|
|
|a 629.734/.735
|2 2011
|
| 080 |
|
|
|a 629.73.02
|2 2011
|
| 080 |
|
|
|a 658.58
|2 2011
|
| 080 |
|
|
|a (075.8)
|2 2011
|
| 080 |
|
|
|a 629.083
|2 2011
|
| 100 |
1 |
|
|a Pecho, Pavol,
|d 1991-
|4 aut
|9 224106
|
| 245 |
1 |
0 |
|a Postupy údržby lietadiel 1
|c Pavol Pecho, Michal Janovec
|
| 250 |
|
|
|a 1. vydanie
|
| 264 |
|
1 |
|a Žilina
|b EDIS-vydavateľstvo UNIZA
|c 2023
|
| 300 |
|
|
|a 256 strán
|b fotografie, ilustrácie, schémy
|c 25 cm
|
| 336 |
|
|
|a text
|b txt
|2 rdacontent
|
| 337 |
|
|
|a bez média
|b n
|2 rdamedia
|
| 338 |
|
|
|a zväzok
|b nc
|2 rdacarrier
|
| 366 |
|
|
|e 50 kusov
|
| 504 |
|
|
|a Obsahuje bibliografiu na strane 251-256
|
| 650 |
0 |
7 |
|a lietadlá
|2 SNKPH
|9 4248
|
| 650 |
0 |
7 |
|a konštrukcia lietadiel
|2 SNKPH
|9 93919
|
| 650 |
0 |
7 |
|a opravy a údržba
|2 SNKPH
|9 67615
|
| 650 |
0 |
7 |
|a Airplanes
|2 SNKPHeng
|9 294290
|
| 650 |
0 |
7 |
|a Airplane construction
|2 SNKPHeng
|9 337561
|
| 650 |
0 |
7 |
|a Maintenance and repair
|2 SNKPHeng
|9 286963
|
| 650 |
0 |
7 |
|a opravy a údržba dopravných prostriedkov
|2 SNKPH
|9 3683
|
| 650 |
0 |
7 |
|a Vehicle maintenance and repair
|2 SNKPHeng
|9 397080
|
| 655 |
|
7 |
|a učebnice vysokých škôl
|2 SNKPH
|9 70191
|
| 655 |
|
7 |
|a Textbooks (higher)
|2 SNKPHeng
|9 276436
|
| 700 |
1 |
|
|a Janovec, Michal,
|d 1991-
|4 aut
|9 397081
|
| 710 |
2 |
|
|a Žilinská univerzita v Žiline
|4 pbl
|9 165741
|
| 810 |
2 |
|
|a Žilinská univerzita v Žiline
|t Vysokoškolské učebnice
|9 176451
|
| 852 |
|
|
|a Slovenská národná knižnica
|
| 919 |
|
|
|a 978-80-554-1957-2
|
| 954 |
|
|
|a odborná, vedecká literatúra pôvodná (slovenská)
|2 lita
|
| 958 |
|
|
|a NB
|
| 999 |
|
|
|c 647201
|d 649131
|
| 952 |
|
|
|a SNK
|b SNK
|y PREZ
|7 0
|p 17A1530007
|o snkSC 202517
|i snk2023/9155
|8 0
|0 0
|1 0
|4 0
|d 2023-06-08
|l 0
|r 2025-10-24 00:00:00
|w 2026-02-23
|
| 952 |
|
|
|a SNK
|b SNK
|y VYP
|7 0
|p 17A1530006
|o snkSC 202517 D1
|i snk2023/9156
|8 3
|g 28.73
|0 0
|1 0
|4 0
|d 2023-06-08
|l 0
|r 2026-02-23 18:11:35
|w 2026-02-23
|